População do Distrito de Setúbal por ordem - Statistics

General Stats
  • This quiz has been taken 14 times
  • The average score is 9 of 13
Answer Stats
Hint Answer % Correct
177 238 hab. Almada
100%
11 112 hab. Alcácer do Sal
67%
78 345 hab. Barreiro
67%
13 822 hab. Grândola
67%
66 255 hab. Moita
67%
55 682 hab. Montijo
67%
68 852 hab. Palmela
67%
27 772 hab. Santiago do Cacém
67%
166 507 hab. Seixal
67%
52 384 hab. Sesimbra
67%
123 496 hab. Setúbal
67%
14 198 hab. Sines
67%
19 143 hab. Alcochete
56%
No matching quizzes found
Score Distribution
Percent of People with Each Score
Percentile by Number Answered
Your Score History
You have not taken this quiz